| 000 | 00830nam a2200229Ia 4500 | ||
|---|---|---|---|
| 001 | 9432 | ||
| 003 | GE_BSU | ||
| 008 | 181216s||||||||xx |||||||||||||| ||und|| | ||
| 040 | _cGE_BSU | ||
| 080 | _a821.353.1–4 | ||
| 100 | _aმორჩიაული,თენგიზ | ||
| 245 | _aსოფლის ჩირაღდნები | ||
| 245 | _bმხატვრული ნარკვევები | ||
| 245 | _cრედ.ო.ცინცაძე,მხატვ.ჯ.ჯაბანაშვილი | ||
| 260 | _aთბილისი | ||
| 260 | _bსაბჭოთა საქართველო | ||
| 260 | _c1975 | ||
| 300 | _a95გვ.16სმ. | ||
| 653 | _aმხატვრული ნარკვევები | ||
| 653 | _aსოფლის ჩირაღდნები | ||
| 942 | _cBK | ||
| 999 |
_c42726 _d42726 |
||